000 00226nam a22000857a 4500
008 161124b xxu||||| |||| 00| 0 eng d
100 _91373
_aBPI India
245 _aThe Monkey and The Crocodile
260 _aNew Delhi
_bBPI India
_c2011
999 _c4087
_d4087